| 000 | 00000nam##2200000za#4500 |
| 001 | 9.695851 |
| 003 | CaOODSP |
| 005 | 20210624234750 |
| 007 | cr ||||||||||| |
| 008 | 150407|1999||||xxc|||||o f|0| 0 eng|d |
| 040 | |aCaOODSP|beng |
| 043 | |an-cn--- |
| 086 | 1 |aH39-521/2000E-IN |
| 110 | 1 |aCanada. |bHealth Canada. |
| 245 | 10|aFacts about hepatitis C, a liver disease / |h[electronic resource]|cIssued jointly by the Canadian Liver Foundation. |
| 246 | 1 |iAt head of title : |aYBOK - you're better off knowing |
| 260 | |aToronto and Ottawa - Ontario : |bHealth Canada |cNovember 1999. |
| 300 | |a2p.|bphotographs |
| 500 | |a"YBOK - You're better off knowing."--p.1 of 2. The ISBN (0-662-28578-6) for the print edition has been incorrectly copied in this electronic publication. |
| 590 | |a12-08-Supp|b2012-03-16 |
| 690 | 07|aHepatitis|2gcpds |
| 710 | 2 |aCanadian Liver Foundation. |
| 775 | 08|tLes faits au sujet de l'hépatite C, une maladie du foie / |w(CaOODSP)9.639966 |
| 776 | 0#|tFacts about hepatitis C: a liver disease / |w(CaOODSP)9.647635 |
| 856 | 40|ahttp://publications.gc.ca|qPDF|s118 KB|uhttps://publications.gc.ca/collections/Collection/H39-521-2000E.pdf |